Commonly Used Hyphenated Words - Statistics

General Stats
  • This quiz has been taken 18 times
  • The average score is 7 of 12
Answer Stats
Hint Answer % Correct
What very fit people may have under their shirt.... ___-___ six-pack
100%
A person that you work with.... ___-_____ co-worker
94%
The woman who gave birth to your spouse..... ___-__-___ mother-in-law
94%
How you feel about yourself.... ____-______ self-esteem
71%
Kids love to ride around and around on this... ____-___-____ merry-go-round
65%
Not the winner, but the person in second place... _____-___ runner-up
65%
If you think you have a broken bone, you will need this.... __-___ x-ray
41%
Tylenol, Motrin, and Advil are examples of this type of medicine... ___-___-____ over-the-counter
35%
When the toss the ball up to start a basketball game... ____-____ tip-off
35%
How those fit people got the above answer.... ___-___ sit-ups
29%
When something is super advanced technologically... ___-____ high-tech
24%
If you have everything done on time.... ___-___-___ up-to-date
12%
No matching quizzes found
Score Distribution
Percent of People with Each Score
Percentile by Number Answered
Your Score History
You have not taken this quiz